00934nam a2200229 a 450000100060000000300090000600800410001502000150005604000280007108200160009910000240011524500400013925000120017926000250019130000100021650502230022665000470044965000280049694200120052499900170053695201510055322956CO-ViMGA141112s2004 ck r 000 u spa d a9706860223 aCO-ViMGAbspacCO-ViMGA04a658.4 D184i1 aDavis, Duane93299810aInvestigaciòn en administraciòn a5ta Ed. aMéxico : bThomson a600p. aFuncion de la Investigación cientifica en la toma de decisiones, Inicio del proceso de Investigación, Diseño de la Investigación, Recoleccion de datos primos, Procedimientos analiticos, Informacion y evaluacion14aADMINISTRACION - InvestigaciónES 93299914aTOMA DE DECISIONES9202 2ddccBK c31244d31244 00102ddc40708002aMEVIECARbMEVIECARd2015-12-04hVolumen. 1 | 15/nov/2009l0o658.4 D184i p22956r2015-12-04 00:00:00tEj. 1w2015-12-04yBK